The minicomputer in the laboratory: with examples using the PDP-11
Guardado en:
| Autor principal: | |
|---|---|
| Formato: | Libro |
| Lenguaje: | inglés |
| Publicado: |
Nueva York
John Wiley
1977
|
| Materias: | |
| Etiquetas: |
Agregar Etiqueta
Sin Etiquetas, Sea el primero en etiquetar este registro!
|
MARC
| LEADER | 00000nam a2200000 a 4500 | ||
|---|---|---|---|
| 001 | UCT4111 | ||
| 003 | CL-VaPUC | ||
| 008 | 961108e19770000US |||||||||||||||||eng|d | ||
| 082 | 0 | 4 | |a 004.14 |b COO |2 21 |
| 100 | 0 | |a Cooper, James W |e author |9 373243 | |
| 245 | 1 | 4 | |a The minicomputer in the laboratory: with examples using the PDP-11 |
| 300 | |a 365 p | ||
| 942 | |c BK | ||
| 945 | |d 19961108 00:00:00 |a paguirre | ||
| 260 | |a Nueva York |b John Wiley |c 1977 | ||
| 650 | 0 | |a Computadores |9 258188 | |
| 650 | 0 | |a Microcomputadores |9 263190 | |
| 650 | 0 | |a Aplicaciones de computadores |9 260401 | |
| 650 | 7 | |a LABORATORIOS |2 CL-VaPUC |9 264068 | |
| 583 | |a last modification |c 19961108 00:00:00 |k Rodrigo Vera | ||
| 999 | |c 253542 |d 253540 | ||